[Event "Dreszer Memorial"]
[Site "Gdynia"]
[Date "1988.??.??"]
[Round "4"]
[White "Nicevski, Risto"]
[Black "Kocovski, Ivan"]
[Result "1/2-1/2"]
[WhiteElo "2380"]
[BlackElo "2330"]
[PlyCount "28"]
[EventDate "1988.??.??"]
[EventType "tourn"]
[EventRounds "13"]
[EventCountry "POL"]
[EventCategory "5"]
[SourceTitle "EXT 1997"]
[Source "ChessBase"]
[SourceDate "1996.11.15"]
[SourceVersion "1"]
[SourceVersionDate "1996.11.15"]
[SourceQuality "1"]

1. e4 c6 2. d4 d5 3. exd5 cxd5 4. c4 Nf6 5. Nc3 e6 6. Nf3 Be7 7. cxd5 Nxd5 8. Bd3 0-0 9. 0-0 Nc6 10. Re1 Nf6 11. Bg5 b6 12. Qe2 Bb7 13. Rad1 Nb4 14. Rb1 Nbd5 1/2-1/2

[Event "Imperia op 30th"]
[Site "Imperia"]
[Date "1988.??.??"]
[Round "?"]
[White "Sarno, Spartaco"]
[Black "Nicevski, Risto"]
[Result "1/2-1/2"]
[WhiteElo "2245"]
[BlackElo "2380"]
[PlyCount "96"]
[EventDate "1988.09.04"]
[EventType "swiss"]
[EventRounds "8"]
[EventCountry "ITA"]
[SourceTitle "EXT 2002"]
[Source "ChessBase"]
[SourceDate "2001.11.25"]
[SourceVersion "1"]
[SourceVersionDate "2001.11.25"]
[SourceQuality "1"]

1. d4 g6 2. c4 Bg7 3. Nc3 d6 4. e4 Nf6 5. f3 c6 6. Bg5 a6 7. Qd2 b5 8. 0-0-0 Be6 9. h4 Bxc4 10. Bxc4 bxc4 11. Nge2 a5 12. Bh6 Bxh6 13. Qxh6 Qc7 14. h5 Nxh5 15. g4 Nf6 16. Nf4 Nbd7 17. g5 e5 18. dxe5 dxe5 19. Nxg6 fxg6 20. gxf6 0-0-0 21. Qg7 Nc5 22. Rxd8+ Rxd8 23. Qxc7+ Kxc7 24. Rxh7+ Kd6 25. Rg7 Nd3+ 26. Kc2 Nf4 27. Ra7 Ne6 28. f7 Rf8 29. Na4 Nd4+ 30. Kc1 Nxf3 31. Nb6 g5 32. Nxc4+ Kc5 33. Ne3 Kd4 34. Nf5+ Kxe4 35. Ra8 Kxf5 36. Rxf8 Kf6 37. Ra8 Kxf7 38. Rxa5 g4 39. Ra4 Nd4 40. Kd1 Ke6 41. Ke1 Kf5 42. Ra8 g3 43. Rf8+ Kg4 44. a4 e4 45. Kf1 e3 46. Kg2 Nf5 47. Rxf5 Kxf5 48. Kf3 Ke5 1/2-1/2